| 000 | 00436nam a2200133Ia 4500 | ||
|---|---|---|---|
| 008 | 231129s1979||||xx |||||||||||||| ||spa|| | ||
| 040 | _bspa | ||
| 082 | _a[EN PROCESO DE DESCARTE] R 918.617 C718a | ||
| 100 | _aColombia. Instituto Geografico Agustin Codazzi. | ||
| 245 | 0 | _aLa Amazonia colombiana y sus recursos : proyecto radargrametrico del Amazonas | |
| 260 | _c1979 | ||
| 264 | _aColombia (Bogotá) : Proradam | ||
| 942 |
_2ddc _cBKS |
||
| 999 |
_c16399 _d16399 |
||